000 01952nam a2200541 i 4500
001 991004334089705066
003 KOSZ 005
005 20200417150930.0
008 980702s1996 pl a f f |000 0 ger
015 _aUWD 1996/13547
020 _a8301111119
035 _a991004334089705066
035 _a(PL-WaBN)b11146680-48omnis_nlop
035 _ab11146680
035 _a(OCoLC)750829996
035 _a(PL)b0000001114668
035 _a(EXLNZ-48OMNIS_NETWORK)9910022986805606
040 _aWA N
_cWA N
_dKOSZ 005/AR
_dKOSZ 005/hR
041 0 _ager
_apol
044 _apl
080 _a811.112.2
080 _a(075.8)
245 0 0 _aAkademicki podręcznik języka niemieckiego /
_cJan Czochralski, Ewa Naumowicz, Werner Rieck, Hanna Szarmach-Skaza ; [ilustracje Mirosław Pokora].
250 _a[Wydanie 4].
260 _aWarszawa :
_bPaństwowe Wydawnictwo Naukowe,
_c1996.
300 _a390, [2] strony :
_bilustracje ;
_c24 cm.
336 _aTekst
_btxt
_2rdacontent
337 _aBez urządzenia pośredniczącego
_bn
_2rdamedia
338 _aWolumin
_bnc
_2rdacarrier
380 _aKsiążki
380 _aPublikacje dydaktyczne
385 _mPoziom nauczania
_aSzkoły wyższe
388 _a1901-2000
388 _a1989-2000
504 _aBibliografia na stronie 365.
650 7 _aJęzyk niemiecki
_2DBN
655 7 _aPodręczniki akademickie
_2DBN
658 _aJęzykoznawstwo
700 1 _aCzochralski, Jan Antoni
_d(1924-2004)
_eAutor
700 1 _aNaumowicz, Ewa
_eAutor
700 1 _aRieck, Werner
_d(1934-1999)
_eAutor
700 1 _aSzarmach-Skaza, Hanna
_d(1935-2018)
_eAutor
700 1 _aPokora, Mirosław
_d(1931-2006)
_eIlustracje
710 _aPaństwowe Wydawnictwo Naukowe
856 _uhttp://koha.tu.koszalin.pl/cgi-bin/koha/opac-detail.pl?biblionumber=25202
_y Katalog online BPK
942 _2UKD
_cKS
999 _c25202
_d25202